[Event "Buenos Aires Najdorf"]
[Site "Buenos Aires"]
[Date "1993.??.??"]
[Round "7"]
[White "Granda Zuniga, Julio E"]
[Black "Seirawan, Yasser"]
[Result "1-0"]
[WhiteElo "2590"]
[BlackElo "2595"]
[Annotator "Stohl,I"]
[PlyCount "111"]
[EventDate "1993.04.??"]
[EventType "tourn"]
[EventRounds "11"]
[EventCountry "ARG"]
[EventCategory "13"]
[SourceTitle "CBM 035"]
[Source "ChessBase"]
[SourceDate "1993.08.01"]
[SourceVersion "1"]
[SourceVersionDate "1993.08.01"]
[SourceQuality "1"]

1. Nf3 {Ftacnik} Nf6 2. c4 c5 3. Nc3 e6 4. g3 b6 5. Bg2 Bb7 6. O-O Nc6 7. e4 (
7. d4 Nxd4 8. Nxd4 Bxg2 9. Kxg2 cxd4 10. Qxd4 Be7 11. Bf4 d6 12. Qd3 O-O 13. b3
Qd7 14. Qf3 Rac8 15. Rfd1 a6 16. Rd3 b5 17. cxb5 axb5 18. a4 bxa4 19. bxa4 d5
20. e4 dxe4 21. Nxe4 Nd5 $10 {Chiburdanidze,M-Maric,A/Shanghai ctW/1992/}) 7...
e5 $5 {N} (7... Qb8 $5 8. d4 cxd4 9. Nxd4 Nxd4 10. Qxd4 Bd6 11. Qd3 Be5 12. b3
Qd6 13. Qxd6 Bxd6 14. Re1 Be5 15. Bb2 g5 16. Rab1 d6 17. Nb5 Ke7 18. Ba3 Ne8
19. Rbd1 g4 20. Re2 a6 $132 {Panchenko,AN-Tregubov,P/Katowice op/1992/}) (7...
Rc8 $6 8. e5 Ng4 9. h3 $1 Nh6 10. g4 Be7 11. d4 Nxd4 12. Nxd4 Bxg2 13. Kxg2
cxd4 14. Qxd4 Qc7 15. Bxh6 gxh6 16. Rad1 h5 17. Ne4 Rg8 18. f3 $16 {Ivanchuk,
V-Seirawan,Y/Monaco blind/1993/}) (7... d6 8. d4 cxd4 9. Nxd4 Nxd4 10. Qxd4 Be7
11. b3 O-O 12. Ba3 Qb8 13. Rfd1 Rd8 14. Rd2 (14. Rac1 Bc6 15. h3 a6 16. Bb4 Qb7
17. Qe3 b5 18. cxb5 axb5 19. Rc2 {Vaganian,R-Hellers,F/New York op/1990/} Ne8
$5 $132) 14... Bc6 15. Rad1 a6 16. Qe3 Ra7 17. h3 Ne8 18. Kh2 Rc8 19. f4 b5 20.
cxb5 axb5 21. Bb4 h6 $14 {Polgar,Zsu-Maric,A/Shanghai ctW/1992/}) 8. d3 g6 (
8... Be7 9. Nh4 $36 {/\f4,Nf5}) 9. Nxe5 $6 (9. Nh4 Nh5 $5 10. Bf3 (10. f4 Nxf4
$5 11. gxf4 Qxh4 12. Nd5 Bd6 $17) 10... Ng7 (10... Be7 11. Bxh5 Bxh4 12. gxh4 (
12. Be2 {Ftacnik} Bf6 13. Bh6 Bg5) 12... gxh5 13. Qxh5 $16) 11. Nd5 Nd4 $13) (
9. Ne1 $13) 9... Nxe5 10. f4 Nc6 (10... Bd6 11. fxe5 Bxe5 12. Bh6 $36) 11. e5
Ng8 (11... Nh5 12. g4 Ng7 13. f5 $1 $40 {><f6,/\Ne4}) 12. f5 Nh6 $2 (12... Na5
$2 13. Bxb7 Nxb7 14. Qf3 $18 {/\Qb7,fg6}) (12... Rb8 $1 {/\Nd4} 13. e6 (13. Bf4
gxf5 14. e6 dxe6 15. Bxb8 Qxb8 $17) 13... dxe6 14. fxe6 f6 $17 (14... f5 {
Ftacnik} 15. Rxf5 Qd4+ 16. Rf2 $13)) (12... Qb8 {Ftacnik} 13. Bf4 g5 14. Bxg5 (
14. e6 $5) 14... Nxe5 15. Nd5 $40) (12... gxf5 {Ftacnik} 13. Qh5 $1 Nge7 14.
Bg5 Bg7 15. Rxf5 O-O 16. Raf1 $40) 13. Ne4 $1 $40 Nxf5 14. Nf6+ Ke7 15. Nd5+
Ke8 16. Nf6+ Ke7 17. g4 (17. Rxf5 gxf5 18. Bg5 Qb8 19. Qh5 Kd8 20. Qxf7 Be7 $17
{/\Ne5}) (17. Bg5 $5 Qb8 18. g4 Nfd4 19. Nxh7+ $36) 17... Nfd4 18. Qe1 $5 (18.
Nd5+ $10) 18... Qb8 (18... Bg7 19. Qf2 Kf8 20. Bg5 Qc8 21. Rae1 $5 {/\Nh5} (21.
Nxh7+ $6 Kg8 $17 (21... Kg8 {Ftacnik} 22. Qxf7+ Kxh7 23. Be4 Nxe5 $19)) (21.
Nh5 Nxe5 22. Nxg7 Nef3+ $19) 21... Ne6 $8) 19. Nd5+ Kd8 $5 (19... Ke8 $10) 20.
Bg5+ Kc8 21. Rxf7 Ne6 (21... Qxe5 22. Bf6 $1 $16 (22. Bf6 {Ftacnik} Ne2+ 23.
Kh1 Qe6 24. Bxh8 Qxf7 25. Qxe2 $16)) (21... Nxe5 $2 22. Rxf8+ Rxf8 23. Ne7+ Kc7
24. Qxe5+ $40) 22. Bf6 Ncd8 $1 23. Re7 $1 $8 (23. Ne7+ Bxe7 24. Rxe7 Bxg2 25.
Bxh8 Bb7 {/\Qc7-c6-+}) (23. Bxh8 {Ftacnik} Nxf7 24. Bf6 Bc6 $19) 23... Rg8 $2 (
23... Bxe7 24. Nxe7+ Kc7 25. Bxh8 Bxg2 26. Kxg2 Nc6 27. Nd5+ Kb7 28. Bf6 $16) (
23... Bxd5 $8 24. cxd5 Bxe7 25. Bxh8 Nf4 (25... Nd4 {Ftacnik} 26. d6 Bg5 27. h4
Bf4 28. Qe4 N8c6 29. Rf1 Kb7 30. Bf6 Bd2 $13) 26. d6 Bg5 $13) 24. Re8 $16 Bc6
25. Bxd8 Nxd8 26. Nf6 Rh8 27. Bxc6 (27. e6 $16) (27. e6 $5 {Ftacnik}) 27...
dxc6 28. Qe4 {/\Qc6} Qc7 (28... Kb7 29. Nd7 Qc7 30. Rxf8 $16) 29. e6 Bg7 (29...
Be7 30. Rxh8 Bxf6 31. Rf1 $1 Be7 (31... Bxh8 32. e7 $18) 32. Rxh7 $18 (32. Rxh7
{Ftacnik} a5 33. Qxg6 Ra7 $16)) (29... Qd6 {Ftacnik} 30. e7 $18) 30. e7 Rxe8 (
30... Bxf6 31. exd8=Q+ Bxd8 32. Rxh8 $18) 31. Nxe8 $18 Bd4+ 32. Kh1 (32. Qxd4
$4 Qxe7 $15) 32... Qd7 33. Nd6+ Qxd6 34. e8=Q a5 35. Rf1 Ra7 36. Rf8 Rd7 37.
Q4e6 Qxe6 38. Qxe6 Kc7 39. Qe2 Bg7 40. Rf2 Bd4 $138 (40... Nf7 $142 {/\Ne5}) (
40... Nf7 $1 {Ftacnik /\ Ne5}) 41. Rf3 Nf7 42. Rf4 Nd6 43. Kg2 Nc8 44. b3 Re7
45. Re4 Rf7 (45... Rxe4 46. Qxe4 Kd7 47. Qf4 Nd6 48. Qf8 $18) 46. Qe1 Rd7 (
46... Rf2+ 47. Qxf2 Bxf2 48. Kxf2 $18) 47. Qg3+ Kb7 48. h3 Rf7 49. h4 Rd7 50.
Re6 Bc3 51. Qf3 Nd6 52. Qf8 Nc8 53. Re8 Rc7 54. Rd8 {/\Qe8,Rd7+-} Bg7 55. Qe8
Bf6 $6 56. Rxc8 $1 {[Stohl]} (56. Rxc8 Rxc8 57. Qf7+ $18) 1-0

[Event "Belgrade"]
[Site "Belgrade"]
[Date "1994.??.??"]
[Round "5"]
[White "Damljanovic, Branko"]
[Black "Greenfeld, Alon"]
[Result "1/2-1/2"]
[WhiteElo "2505"]
[BlackElo "2600"]
[Annotator "Stohl,I"]
[PlyCount "87"]
[EventDate "1994.??.??"]
[EventType "tourn"]
[EventRounds "9"]
[EventCountry "YUG"]
[EventCategory "12"]
[SourceTitle "CBM 043"]
[Source "ChessBase"]
[SourceDate "1994.12.01"]
[SourceVersion "1"]
[SourceVersionDate "1994.12.01"]
[SourceQuality "1"]

1. Nf3 Nf6 2. c4 c5 3. g3 b6 4. Bg2 Bb7 5. O-O g6 6. d4 cxd4 7. Qxd4 d6 (7...
Bg7 8. Nc3 d6 9. b3 Nbd7 10. Bb2 O-O 11. Rfd1 Rc8 12. Rac1 a6 13. h3 Ne4 14.
Qe3 b5 $1 15. cxb5 axb5 16. Nd4 Nxc3 17. Rxc3 Bxg2 18. Kxg2 Bf6 19. Rdc1 Rxc3
20. Bxc3 Qa8+ 21. Nf3 $10 {1/2:1/2,Phominyh,A-Zagrebelny,S/Alushta3/1994/}) 8.
Be3 Nbd7 9. Nc3 Bg7 10. Rac1 Rc8 11. b3 (11. Rfd1 O-O 12. Qh4 Re8 13. b3 a6 14.
Bh3 Rc7 15. Bh6 Rc5 16. Bxg7 Kxg7 17. Qd4 Kg8 18. b4 Rc7 19. Nd5 Nxd5 20. cxd5
Nf6 21. e4 b5 22. Qe3 Bc8 23. Rxc7 Qxc7 24. Rc1 Qb8 $10 {Kramnik,V-Karpov,An/
Monaco Amber blind/1994/}) 11... Nc5 (11... O-O 12. Qh4 (12. Qd2 Nc5 (12... Ne4
13. Nxe4 Bxe4 14. Bh3 Qc7 15. Nd4 Rcd8 16. Nb5 Qb8 17. Nc3 Ba8 18. Bg2 Bxg2 19.
Kxg2 Qb7+ 20. Qd5 Rb8 21. Rfd1 Rfc8 22. Bg5 Bf6 23. h4 $14 {Petrosian,A-Vehi
Bach,V/Groningen op/1990/}) 13. Bh6 Nfe4 14. Nxe4 Nxe4 15. Qe3 Nf6 16. Bxg7
Kxg7 17. Rfd1 Rc7 18. Ne1 Bxg2 19. Nxg2 Qd7 20. Nf4 $10 {1/2:1/2,Kindermann,
S-Ftacnik,L/Biel/1988/}) 12... Re8 13. Bh6 Rc5 $5 $132) 12. Rfd1 Qd7 $5 13. Qh4
(13. Nd5 $5 O-O 14. Qh4 b5 $132) 13... Qg4 14. Qxg4 Nxg4 15. Bd4 Bxd4 16. Nxd4
Bxg2 17. Kxg2 Nf6 $10 18. f3 a6 (18... h5 19. h3 Ne6 $5 $10) 19. g4 h6 20. h4
e6 (20... g5 21. Nf5 $36) (20... Ne6 $5 21. Nxe6 fxe6 22. g5 Nd7 23. Ne4 Nc5
$10) 21. g5 Nfd7 22. f4 Ke7 23. Nf3 $14 {><d6,()} Rc7 $2 (23... hxg5 24. hxg5
f5 $5 25. gxf6+ Nxf6 26. Ng5 $14) 24. e4 hxg5 25. hxg5 {/\f5-f6|^} f5 $5 $8 26.
exf5 (26. gxf6+ Nxf6 27. e5 dxe5 28. Nxe5 (28. fxe5 Ng4 $10) 28... Rg8 {/\g5<=>
}) 26... gxf5 27. Re1 {/\Nd5} Kf7 28. Rcd1 Nb7 {/\Nf8-g6} 29. g6+ $1 Kf6 30.
Ng5 Nf8 (30... Re8 $2 31. Nd5+) (30... Kxg6 $2 31. Rxe6+ Nf6 32. Rxf6+ Kxf6 33.
Nd5+ $18) 31. Nxe6 $1 Nxe6 32. Nd5+ Kg7 33. Rxe6 Rd7 34. Rh1 $2 (34. Nxb6 $18)
34... Rxh1 35. Kxh1 Nc5 $1 36. Re3 (36. Nxb6 Nxe6 37. Nxd7 Nxf4 38. Nb8 a5 39.
Nc6 Nd3 $132) (36. Rf6 Ne4 37. Rf7+ Rxf7 38. gxf7 b5 $10) 36... b5 $1 $10 37.
cxb5 axb5 38. Re7+ Kxg6 39. Rxd7 Nxd7 40. Nc3 b4 41. Nd5 Kh5 42. Kg2 Kg4 43.
Kf2 Nb8 $1 (43... Nc5 44. Ke3 Ne6 45. Nxb4 Nxf4 46. a4 $36) 44. Kg2 (44. Ke3
Nc6 45. Kd3 Kf3 46. Kc4 Ke4 47. Nxb4 Nxb4 48. Kxb4 Kxf4 49. a4 Ke3 50. a5 f4
$10) (44. Kg2 Nc6 $10) (44. Nxb4 Kxf4 45. a4 Ke4 46. a5 Kd4 47. a6 Nxa6 48.
Nxa6 Kc3 49. b4 Kc4 $10) 1/2-1/2

[Event "Pamplona 9192 2nd"]
[Site "Pamplona"]
[Date "1991.??.??"]
[Round "2"]
[White "Illescas Cordoba, Miguel"]
[Black "Yudasin, Leonid"]
[Result "1/2-1/2"]
[WhiteElo "2545"]
[BlackElo "2595"]
[Annotator "Stohl,I"]
[PlyCount "101"]
[EventDate "1991.12.??"]
[EventType "tourn"]
[EventRounds "9"]
[EventCountry "ESP"]
[EventCategory "13"]
[SourceTitle "CBM 028"]
[Source "ChessBase"]
[SourceDate "1992.06.01"]
[SourceVersion "1"]
[SourceVersionDate "1992.06.01"]
[SourceQuality "1"]

1. Nf3 Nf6 2. c4 c5 3. Nc3 e6 4. g3 b6 5. Bg2 Bb7 6. O-O d6 7. d4 cxd4 8. Qxd4
a6 (8... Be7 $142) 9. Rd1 (9. Be3 Nbd7 10. Ng5 Bxg2 11. Kxg2 Rc8 12. Nce4 {N} (
12. Nge4 $5 Rc6 13. Nxf6+ Nxf6 14. Rac1 $36) 12... h6 $1 13. Nf3 Nxe4 14. Qxe4
Qc7 15. Rac1 Be7 16. Nd4 Nf6 17. Qf3 O-O 18. b4 Nd7 $1 $132 {Belov,I-Yudasin,L,
Podolsk 1991-EXP 26}) (9. b3 $5 {/\} Be7 10. Ba3 $14) 9... Be7 10. Bg5 Nbd7 11.
Qd2 (11. Bxf6 Nxf6 12. Ng5 $5 {N} (12. Na4 Rb8 13. c5 dxc5 $8 14. Qe5 Bd5 15.
e4 Nxe4 16. Qxg7 Bf6 17. Qh6 Qe7 $1 $15) 12... Bxg2 13. Kxg2 Qc7 14. Nge4 Rd8
15. Rac1 O-O 16. f3 Rd7 17. b3 Rb8 18. Qe3 Rc8 19. a4 Qb8 20. Nxf6+ Bxf6 21.
Ne4 $14 {(),Raicevic,I-Popovic,D,JUG-Cup qual Arandjelovac 1991-TD 91_07})
11... Rc8 (11... Qc8 12. Bf4 Nc5 13. Qe3 Ng4 (13... Qc7 14. b4 Ncd7 15. Qd2 e5
16. Bg5 O-O 17. Rac1 Rab8 18. Qb2 h6 19. Bxf6 Nxf6 20. Nh4 $16 {Wojtkiewicz,
A-Ionescu,Co,Stara Zagora zt-B 1990-CBM 17}) 14. Qc1 (14. Qd2 $142 $5) 14...
Qc7 15. Qd2 Rd8 16. b4 Ne4 17. Nxe4 Bxe4 18. Rac1 Qb7 19. Bg5 Nf6 20. Bxf6 Bxf6
21. Ne1 O-O $10 {Romanishin,O-Wojtkiewicz,A,Palma GMA op 1989-TD 89_13}) (11...
O-O 12. Bf4 Ne8 13. Rac1 Qc7 14. b3 Rd8 15. Ne1 Bxg2 16. Nxg2 Qb7 17. a4 Nc5
18. Qc2 a5 19. Be3 $14 {Ftacnik,L-Adianto,U,San Francicsco 1991-CBM 23}) 12.
Bf4 (12. b3 Nc5 $5 $132) 12... Rxc4 (12... e5 $6 13. Bg5 Bxf3 (13... Rxc4 14.
Nxe5 $16) 14. exf3 Rxc4 15. Qe2 b5 16. a4 O-O 17. axb5 axb5 18. Nxb5 Nb6 $6 19.
Bxf6 gxf6 $8 20. f4 $16 {Badea Takacs,B-Galliamova,A,Prestwich 1990-CBM 18})
13. Bxd6 Rc8 $5 {N} (13... Bxd6 14. Qxd6 Rc6 15. Qa3 Rc7 16. Nd4 Bxg2 17. Kxg2
Qc8 18. Rac1 $36 {Suba,M-Ftacnik,L,Szirak 1986}) 14. Ng5 (14. Rac1 Bxd6 15.
Qxd6 Qe7 16. Qf4 O-O $10) 14... Bxg2 15. Kxg2 O-O (15... Bxd6 16. Qxd6 Qe7 17.
Nge4 $5 $14) 16. Bxe7 Qxe7 {/\Nc5,Rfd8=} 17. Qd6 $8 Qxd6 18. Rxd6 Rc7 19. Rad1
Rb8 $1 {/\Kf8-e7=} 20. f4 h6 21. Nf3 (21. Nge4 Nxe4 22. Nxe4 Nc5 $10) 21... Kf8
22. e4 Nc5 23. R6d4 (23. e5 $6 Nfe4 $10) 23... Ke7 24. e5 Ng4 25. Re1 h5 26.
Ng5 b5 (26... Rd7 $5 $10) 27. Rd2 Rbc8 28. h3 Nh6 29. Kf3 b4 (29... Nf5 $6 30.
g4 hxg4+ 31. hxg4 $36 {()}) 30. Nce4 Nxe4 31. Nxe4 Rc2 32. Red1 Rxd2 33. Rxd2
Rc1 34. Rd6 a5 35. Ra6 Rc2 36. Rxa5 Rxb2 37. Ra7+ Kf8 38. Ra8+ Ke7 39. Ra7+ Ke8
40. Nc5 (40. Nd6+ Kf8 {/\b3=}) 40... Nf5 41. Ra8+ Ke7 42. Ra7+ Kf8 43. g4 hxg4+
44. hxg4 Nd4+ 45. Ke3 Nb5 46. Rb7 Nc3 $10 47. Rb8+ Ke7 48. Rb7+ Ke8 49. Rb8+ (
49. f5 exf5 50. gxf5 Rxa2 $13 51. e6 fxe6) 49... Ke7 50. Rb7+ Ke8 51. Rb8+ {
[Stohl]} 1/2-1/2

[Event "Prerov Friendship GM"]
[Site "Prerov"]
[Date "2001.12.11"]
[Round "8"]
[White "Cvek, Robert"]
[Black "Stocek, Jiri"]
[Result "0-1"]
[WhiteElo "2418"]
[BlackElo "2518"]
[Annotator "Stohl,I"]
[PlyCount "69"]
[EventDate "2001.12.04"]
[EventType "tourn"]
[EventRounds "11"]
[EventCountry "CZE"]
[EventCategory "9"]
[SourceTitle "CBM 087"]
[Source "ChessBase"]
[SourceDate "2002.03.21"]
[SourceVersion "1"]
[SourceVersionDate "2002.03.21"]
[SourceQuality "1"]

1. Nf3 Nf6 2. c4 c5 3. Nc3 e6 4. g3 b6 5. Bg2 Bb7 6. O-O Be7 7. Re1 d6 8. e4 a6
9. d4 cxd4 10. Nxd4 Qc7 11. Be3 Nbd7 12. Rc1 Rc8 (12... O-O 13. f4 Rfe8 {
is a more usual move-order, as it enables Black to avoid (or postpone) the
committal e5 after the f5-advance.}) 13. f4 O-O (13... Qb8 $5 14. Qe2 Qa8 $132)
14. f5 {The most ambitious continuation.} ({Too soft is} 14. b3 Rfe8 15. Kh1
Bf8 16. Rc2 Qb8 17. Bg1 g6 18. Nf3 Red8 19. f5 exf5 20. exf5 d5 $1 21. fxg6
hxg6 22. Nxd5 Nxd5 23. cxd5 Rxc2 24. Qxc2 Bxd5 25. Ng5 Qb7 $11 {Lautier,
J-Rogers,I/ESP-chT Salamanca/1998/}) ({A sharp, but unclear alternative is} 14.
g4 Nc5 15. Bf2 g6 $5 (15... h6 16. b4 Ncd7 17. g5 hxg5 18. fxg5 Ne8 19. g6 $36)
16. b4 (16. f5 gxf5 17. gxf5 e5 18. Nc2 Kh8 19. Kh1 Rg8 20. Bf3 b5 $1 21. Nd5
Nxd5 {1/2,Epishin,V-Marin,M/Koszalin op/1999/} 22. cxd5 Na4 $36) 16... Ncd7 17.
g5 Nh5 18. Be3 Qd8 19. Bh3 Ng7 20. Qe2 {Skomorokhin,R-Voitsekhovsky,S/Kstovo/
1998/} e5 $5 $132) 14... e5 $8 (14... exf5 $143 15. Nxf5 (15. Nd5 $1 $16) 15...
Rfe8 16. Nd5 Nxd5 17. cxd5 (17. exd5 $36) 17... Qd8 18. Qg4 g6 19. Nh6+ Kg7 20.
Qf4 Ne5 21. h4 Bf6 22. Rxc8 Bxc8 23. Rf1 Nd3 24. Qf3 Ne5 25. Qf2 b5 $13 {
Velickovic,Z-Sakelsek,T/SLO-ch Grize/2001/}) 15. Nb3 (15. Nd5 Qd8 16. Nb3 b5
$142 $1 (16... Bxd5 17. cxd5 $1 (17. exd5 Nc5 (17... Re8 18. Qe2 e4 19. Nd4 Ne5
20. Red1 Qd7 21. Rc2 b5 22. cxb5 Rxc2 23. Qxc2 axb5 24. Bxe4 Nc4 25. Bf2 Ng4
26. Re1 Bf6 27. b3 Nce3 $44 {Khasin,A-Zaichik,G/Yaroslav/1982/}) 18. Bf2 Re8
19. Rc3 Na4 20. Rc2 Qd7 21. g4 h6 22. Nc1 a5 23. b3 Nc5 24. Rc3 b5 25. h4 Nh7
26. cxb5 Qxb5 27. Bf1 Qb8 28. Rh3 Nd7 29. Bc4 Bd8 $132 {Erdelyi,T-Zimmermann,P/
Lenk/1999/}) 17... Rxc1 18. Nxc1 Nc5 19. b4 $1 $16 (19. Bf2 a5 20. g4 Nfd7 21.
a3 $6 a4 22. b4 axb3 23. Nxb3 Bh4 $17 {Wronn,B-Brustkern,J/Germany/1991/})
19... Ncxe4 20. Qd3 $18) 17. Qd2 $5 (17. Nd2 Nc5 18. Qe2 b4 19. Nb3 Bxd5 20.
exd5 Nfd7 21. h4 Bf6 22. Nxc5 Nxc5 23. b3 a5 24. Bxc5 Rxc5 25. Be4 Qe7 $11 {
Rahman,Z-Kunte,A/Calcutta/2001/}) (17. Nxe7+ Qxe7 18. cxb5 axb5 19. Qd3 b4 20.
Rxc8 Rxc8 21. Rc1 Rxc1+ 22. Bxc1 Nc5 23. Nxc5 dxc5 $11 {Garcia,R-Pierrot,F/San
Isidoro/1993/}) 17... Bxd5 (17... Rxc4 18. Rxc4 bxc4 19. Na5 $36) (17... Nc5
18. Nxc5 dxc5 19. Nxf6+ Bxf6 20. Qf2 $14) 18. cxd5 (18. exd5 Ng4 $132) 18...
Nc5 $11) 15... Qb8 (15... Qd8 16. Qe2 h5 17. Nd5 Nxd5 18. cxd5 h4 19. Rxc8 Bxc8
20. Nd2 hxg3 21. hxg3 Bg5 $6 (21... Nf6 22. Nc4 $36) 22. Bxg5 Qxg5 23. Qe3 Qh5
24. Bf3 Qh3 25. Kf2 Nf6 26. Qg5 $16 {Akopian,V-Shirov,A/Madrid/1997/}) (15...
Nc5 16. Nxc5 dxc5 17. g4 Rfd8 18. Qe2 Ne8 19. g5 Nd6 20. b3 Bc6 21. Rf1 b5 22.
f6 Bf8 23. h4 b4 24. Nd5 Bxd5 25. exd5 e4 26. Bf4 Re8 27. Bh3 Ra8 28. h5 $40 {
Diaz Nunez,A-Teijeiro,B/Mondariz/1997/}) (15... Rfe8 $5 16. g4 h6 17. h4 $2 Nh7
18. h5 (18. Bf2 Qd8 $17) 18... Bh4 19. Nd5 Qd8 20. Re2 Bg5 21. Bf3 Bxe3+ 22.
Rxe3 Qg5 23. Kf2 Bxd5 24. Qxd5 Ndf6 25. Qd1 Qf4 26. Ke2 Ng5 27. Kd3 d5 $19 {
->,Popov,V-Pavlov,A/St Petersburg/2002/}) 16. Qe2 (16. Nd2 $5 Bc6 (16... b5 $5)
17. g4 b5 $2 (17... h6 $8 $14) 18. g5 $40 Ne8 19. Bh3 Bd8 20. Qh5 Bb6 21. f6
Rc7 22. cxb5 axb5 23. b4 Kh8 24. Nd1 Qa7 25. Kf1 Bd4 26. Rc3 $1 Nb6 27. Bf5 h6
28. fxg7+ {1-0,Stangl,M-Dinstuhl,B/Bundesliga 9596/1995/}) 16... h6 (16... Qa8
17. Bf2 (17. Nd2 b5 18. cxb5 axb5 19. Qxb5 Nc5 20. Bxc5 Rxc5 21. Qd3 Qa7 22.
Kh1 Ng4 23. Qf3 Bg5 24. Rcd1 h5 25. h3 Rxc3 26. bxc3 Nf2+ 27. Kh2 h4 $1 $36 {
Marin,L-Milanovic,S/Bucharest/2000/}) 17... g6 18. Bh3 $1 $13 (18. g4 $2 gxf5
19. gxf5 Kh8 20. Bf3 Rg8+ 21. Kh1 b5 $1 22. cxb5 axb5 23. Qxb5 Rxc3 24. Rxc3
Nxe4 $17 {Schmitt,A-Oesterle,P/OLW 9394/1993/})) 17. a4 (17. Nd2 Bc6 18. a4 Nc5
19. b3 Qb7 20. Bf2 Rb8 21. Bf1 a5 22. Bg2 g6 23. g4 gxf5 24. gxf5 Kh7 25. Bf3
Rg8+ 26. Kh1 Rg7 27. Rg1 Rbg8 $11 {Quinteros,M-Saidy,A/New York/1984/}) 17...
Rfe8 18. Nd5 (18. Nd2 $142 Bc6 19. b4 $5 $14 {()}) 18... Bd8 19. Ra1 (19. Nd2
Nc5 20. b3 Bc6 {/\b5<=>}) 19... Bc6 20. Nd2 $6 (20. Rec1 Nc5 $5 (20... b5 21.
cxb5 axb5 22. a5 $36) 21. Nxc5 bxc5 $11) 20... b5 $1 {[%mdl 544] This game
once again demonstrates the energy, pent up in Black's seemingly passive
pieces. In a typical demonstration of Hedgehog strategy Black breaks out,
willing even to sacrifice material.} 21. cxb5 (21. b3 Bxd5 22. cxd5 Bb6 $11 {
/=/+ was safer, but Black already holds the initiative.}) 21... Bxd5 (21...
axb5 $2 22. a5 $16) 22. exd5 Bb6 $1 {The main point of the whole operation,
Black's position would remain dreary after} (22... axb5 23. a5 e4 24. Bd4 $36)
23. Nc4 {Now Black gains the upper hand. White should have allowed Black to
get at least a draw with} (23. bxa6 $5 Bxe3+ 24. Qxe3 Ng4 25. Qe2 (25. a7 Qxb2
$19) 25... Qb6+ (25... Qxb2 $5 26. Be4 Ngf6 $44) 26. Kh1 Nf2+ 27. Kg1 Nd3+ (
27... Ng4+ $11) 28. Qe3 Nxe1 29. Qxb6 Nxb6 30. Rxe1 Rc2 31. Ne4 Rxb2 $13) 23...
Bxe3+ (23... axb5 24. Nxb6 Nxb6 25. Qxb5 Nbxd5 $13) 24. Nxe3 axb5 25. a5 $6 (
25. Qxb5 Qa7 $5 (25... Qxb5 26. axb5 Rc5 27. Ra6 Rxb5 28. Nc4 $14) 26. Kh1 Nc5
$44) 25... e4 $1 {[%cal Rd7e5,Re5d3] ><d5,/\Ne5-d3} 26. Ng4 (26. Bf1 Ne5 $17) (
26. Rec1 $2 Rxc1+ 27. Rxc1 Qa7 $19) (26. a6 Qb6 27. Qd2 Ne5 $36) 26... Nxg4 27.
Qxg4 Nf6 $17 28. Qe2 (28. Qd1 Rc5 $17) 28... Nxd5 (28... Rc4 29. a6 Qa8 $17)
29. Qd2 {Giving Black [+]o^ is suicide.} (29. Bxe4 $142 Nf6 (29... Rc4 30. Qd2
$132) 30. Qd3 d5 $1 31. Bf3 (31. Bxd5 Rxe1+ 32. Rxe1 Rd8 $19) 31... Rxe1+ 32.
Rxe1 Qa7+ $17) 29... Nf6 30. a6 d5 {[%csl Gd5,Ge4]} 31. a7 (31. Qd4 $142 Rc4
32. Qf2 Qd6 $5 33. Bf1 Rb4 {[%cal Rd5d4] /\d4-+}) 31... Qb6+ $19 32. Qf2 e3 33.
Qf4 Ra8 34. Ra3 Rxa7 35. Raxe3 $138 (35. Raxe3 Rae7 $19) 0-1